Kryminologiczna ocena transakcji w procesie prania pieniędzy / (Rekord nr 41992)
| 000 -ETYKIETA REKORDU | |
|---|---|
| podpole kontrolne o stałej długości | 01051nam a2200289 i 4500 |
| 001 - NUMER KONTROLNY REKORDU | |
| pole kontrolne | bg |
| 020 ## - MIĘDZYNARODOWY ZNORMALIZOWANY NUMER KSIĄŻKI - ISBN | |
| ISBN | 8385946691 |
| 040 ## - ŹRÓDŁO KATALOGOWANIA | |
| Instytucja, która utworzyła rekord | BPK |
| 041 0# - KOD JĘZYKA | |
| Kod języka tekstu | pl |
| 080 ## - UNIWERSALNA KLASYFIKACJA DZIESIĘTNA - UKD | |
| UKD | 343.53:336.717:343.341:343.85](438+100) |
| 920 ## - Międzynarodowy znormalizowany numer książki – ISBN | |
| ISBN | 83-85946-69-1 |
| 008 - POLE O STAŁEJ DŁUGOŚCI - DANE KONTROLNE | |
| podpole kontrolne o stałej długości | s pl f |000 0 pol |
| 100 1# - NAZWA OSOBOWA | |
| Nazwa osobowa | WÓJCIK, Jerzy Wojciech |
| 245 10 - TYTUŁ/ODPOWIEDZIALNOŚĆ | |
| Tytuł | Kryminologiczna ocena transakcji w procesie prania pieniędzy / |
| Pozostałe elementy strefy tytułu i oznaczenia odpowiedzialności | Jerzy Wojciech Wójcik. |
| 260 ## - STREFA ADRESU WYDAWNICZEGO | |
| Miejsce wydania | Warszawa : |
| Nazwa wydawcy/dystrybutora | "Twigger", |
| Data publikacji, dystrybucji/powstania dokumentu | 2001. |
| 300 ## - STREFA OPISU FIZYCZNEGO | |
| Objętość | 766 s. ; |
| Rozmiary | 21 cm. |
| 490 1# - STREFA SERII I DOKUMENTU WIELOCZĘŚCIOWEGO - FORMA NIE DO WYSZUKIWANIA | |
| Tytuł i oznaczenie odpowiedzialności serii | Twigger |
| 504 ## - UWAGA DOTYCZĄCA BIBLIOGRAFII | |
| Informacje o bibliografii | Bibliogr. |
| 505 ## - SFORMALIZOWANA UWAGA DOTYCZĄCA ZAWARTOŚCI | |
| Pełny tekst uwagi | Zawiera także teksty aktów prawnych. |
| 650 #9 - HASŁO PRZEDMIOTOWE W FORMIE NAZWY OGÓLNEJ LUB JEDNOSTKOWEJ | |
| Nazwa ogólna lub geograficzna | Pranie pieniędzy |
| Określnik ogólny | zapobieganie i zwalczanie |
| -- | prawo międzynarodowe |
| Określnik chronologiczny | stan na 2001 r. |
| 650 #9 - HASŁO PRZEDMIOTOWE W FORMIE NAZWY OGÓLNEJ LUB JEDNOSTKOWEJ | |
| Nazwa ogólna lub geograficzna | Pranie pieniędzy |
| Określnik ogólny | zapobieganie i zwalczanie |
| -- | prawo |
| Określnik geograficzny | Polska |
| Określnik chronologiczny | stan na 2001 r. |
| 650 #9 - HASŁO PRZEDMIOTOWE W FORMIE NAZWY OGÓLNEJ LUB JEDNOSTKOWEJ | |
| Nazwa ogólna lub geograficzna | Przestępczość zorganizowana |
| Określnik chronologiczny | od 1945 r. |
| 650 #9 - HASŁO PRZEDMIOTOWE W FORMIE NAZWY OGÓLNEJ LUB JEDNOSTKOWEJ | |
| Nazwa ogólna lub geograficzna | Przestępczość zorganizowana |
| Określnik geograficzny | Polska |
| Określnik chronologiczny | od 1989 r. |
| 830 ## - HASŁO DODATKOWE SERII LUB DOKUMENTU WIELOCZĘŚCIOWEGO - TYTUŁ UJEDNOLICONY | |
| Tytuł ujednolicony | Twigger |
| 856 ## - LOKALIZACJA I DOSTĘP DO ELEKTRONICZNYCH DOKUMENTÓW ZDALNYCH | |
| Link (URL) | http://koha.tu.koszalin.pl/cgi-bin/koha/opac-detail.pl?biblionumber=41992 |
| Tekst linku | Katalog online BPK |
| 942 ## - DODATKOWE ELEMENTY (KOHA) | |
| Typ dokumentu | Książka |
| Wycofany | Status egzemplarza | Uszkodzony | Dostępność | Lokalizacja stała | Lokalizacja bieżąca | Miejsce przechowywania | Sygnatura | Kod kreskowy | Dział | Typ dokumentu |
|---|---|---|---|---|---|---|---|---|---|---|
| Tylko na miejscu | Biblioteka Politechniki Koszalińskiej | Biblioteka Politechniki Koszalińskiej | Czytelnia Wydziałowa ul. Kwiatkowskiego 6e | 65557 | 01909203 | 336.7 Pieniądz. Giełdy | Książka |
